| 000 | 00000nam##2200000za#4500 |
| 001 | 9.572353 |
| 003 | CaOODSP |
| 005 | 20220111083053 |
| 007 | cr ||||||||||| |
| 008 | 150406|1992||||xxc|||||o f|0| 0 eng|d |
| 022 | |a1928-6414 |
| 040 | |aCaOODSP|beng |
| 043 | |an-cn--- |
| 086 | 1 |aNE22-1/1992-20E-PDF |
| 110 | 1 |aCanada. |bNational Energy Board. |
| 245 | 10|aReasons for decision in the matter of British Columbia Hydro and Power Authority, and British Columbia Power Exchange Corporation : |h[electronic resource]|bapplication dated 29 April 1991 for permits to export short term firm electricity and interruptible energy |
| 246 | 1 |iVariant title : |aBritish Columbia Hydro and Power Authority, and British Columbia Power Exchange Corporation |
| 260 | |aCalgary - Alberta : |bNational Energy Board |cDecember 1992. |
| 300 | |a46p.|bmap, table |
| 490 | 1 |aReasons for decision|x1928-6414|vEW-2-91 |
| 500 | |aThe catalogue number (NE22-1/1992-20E) and ISBN (0-662-98051-4) for the print edition have been incorrectly copied in this electronic publication. |
| 590 | |a12-06-Supp|b2012-03-07 |
| 775 | 08|tMotifs de décision, British Columbia Hydro and Power Authority et British Columbia Power Exchange Corporation : |w(CaOODSP)9.602730 |
| 776 | 0#|tBritish Columbia Hydro and Power Authority, and British Columbia Power Exchange Corporation : |w(CaOODSP)9.608689 |
| 830 | #0|aReasons for decision (Canada. National Energy Board)|x1928-6414|vEW-2-91|w(CaOODSP)9.504480 |
| 856 | 40|ahttp://publications.gc.ca|qPDF|s150 KB|uhttps://publications.gc.ca/collections/Collection/NE22-1-1992-20E.pdf|yEW-2-91 |